Novelou zákona o matrikách sa zavedie elektronická matrika
Pokračovanie príspevku z predchádzajúceho čísla. Ochrana osobných údajov a nazeranie do matriky.
Enregistré dans:
| Auteur principal: | |
|---|---|
| Autres auteurs: | |
| Format: | Chapitre de livre |
| Langue: | slovaque |
| Sujets: | |
| Tags: |
Pas de tags, Soyez le premier à ajouter un tag!
|
MARC
| LEADER | 00000naa a2200000 4500 | ||
|---|---|---|---|
| 001 | 0206110 | ||
| 005 | 20240502073430.2 | ||
| 041 | 0 | |a slo | |
| 044 | |a SK | ||
| 245 | 1 | 0 | |a Novelou zákona o matrikách sa zavedie elektronická matrika |c Vladimír Bolek, Anita Romanová |
| 520 | |a Pokračovanie príspevku z predchádzajúceho čísla. Ochrana osobných údajov a nazeranie do matriky. | ||
| 610 | 2 | 0 | |a správa verejná |
| 610 | 2 | 0 | |a novelizácia |
| 610 | 2 | 0 | |a Slovensko |
| 610 | 2 | 0 | |a správa verejná elektronická |
| 100 | 1 | |a Bolek, Vladimír, 1988- | |
| 700 | 1 | |a Romanová, Anita, 1973- | |